00000000nam 2200000za 4500
0019.677140
003CaOODSP
00520250123124054
007cr |||||||||||
008150407s2015    quc|||||o    f|0| 0 fre d
020 |a978-0-660-22113-7
040 |aCaOODSP|bfre
043 |an-cn---
0861 |aEn81-9/2011F-PDF
1101 |aCanada. |bEnvironnement Canada.
24510|aRapport sur la situation des aires protégées du Canada 2006-2011 |h[ressource électronique].
250 |a[2e édition].
260 |aGatineau, QC : |bEnvironnement Canada, |cc2015.
300 |axiv, 103 p. : |btableaux, glossaire, figs., cartes.
500 |aPublié aussi en anglais sous le titre : Canadian protected areas status report 2006-2011.
504 |aComprend des références bibliographiques.
69107|aAire de conservation|2gcpds
77508|tCanadian protected areas status report 2006-2011 |w(CaOODSP)9.629547
794 |tRapport sur la situation des aires protégées du Canada 2012-2015 |w(CaOODSP)9.820961
795 |tRapport sur la situation des aires protégées du Canada |w(CaOODSP)9.633338
85640|qPDF|s12.36 Mo|uhttps://publications.gc.ca/collections/collection_2016/eccc/En81-9-2011-fra.pdf